000 01261nam0a2200361 4500
001 RU\NLR\bibl\379940
005 20260406052556.0
010 _a5-94371-215-1
_912000
021 _aRU
_b2002-65358
_93174
035 _a(NLR Aleph) 000374359
090 _a415629
_c415629
100 _a20030220d2002 |||y0rusy50 ca
101 0 _arus
102 _aRU
105 _aa |||||||||
200 1 _aЛечебные свойства зерна и проростков
_fОльга Шувалова
210 _aСПб.
_cНев. проспект
_d2002
215 _a159 с.
_cил.
_d20
225 1 _aЦелительные силы природы
225 1 _aКниги о главном
606 0 _aПроростки злаков
_xЛечебное применение
_92233929
_3RU\NLR\auth\661340749
610 0 _aЗерно - Лечебные свойства
675 _a615.89
_v3
_zrus
686 _a76.29
_2rugasnti
686 _a53.59
_2rubbk
686 _aР123.811
700 1 _4070
_8rus
_7ca
_aШувалова
_bО. П.
_gОльга Петровна
_3RU\NLR\auth\777522
_9117455
801 0 _aRU
_bRKP
_c20030220
_gPSBO
801 1 _aRU
_bRKP
_c20030220
801 2 _aRU
_bNLR
_c20030414
_grcr
942 _cBOOK
980 _aNB